[Event "Fajr op 13th"]
[Site "Tehran"]
[Date "2005.01.28"]
[Round "2"]
[White "Rajabi Hezar, H."]
[Black "Ghaem Maghami, Ehsan"]
[Result "0-1"]
[WhiteElo "2185"]
[BlackElo "2623"]
[PlyCount "102"]
[EventDate "2005.01.04"]
[EventType "swiss"]
[EventRounds "9"]
[EventCountry "IRI"]
[SourceTitle "CBM 104 Extra"]
[Source "ChessBase"]
[SourceDate "2005.03.01"]
[SourceVersion "1"]
[SourceVersionDate "2005.03.01"]
[SourceQuality "1"]

1. Nf3 c5 2. c4 Nf6 3. g3 b6 4. Bg2 Bb7 5. Nc3 e6 6. d3 Be7 7. 0-0 0-0 8. Bf4 d6 9. a3 Nc6 10. Rb1 d5 11. Ne5 Qc8 12. Nxc6 Bxc6 13. cxd5 Nxd5 14. Bd2 Rd8 15. Qc1 e5 16. Ne4 a5 17. f4 Nf6 18. Bc3 Nxe4 19. dxe4 Qe6 20. fxe5 b5 21. Qf4 b4 22. Be1 Re8 23. Bf2 Bf8 24. Be3 Ra7 25. axb4 axb4 26. Rbd1 Qxe5 27. Qxe5 Rxe5 28. Rd8 Ra8 29. Rxa8 Bxa8 30. Rd1 Bxe4 31. Bf4 Re8 32. Bxe4 Rxe4 33. Rd8 Re6 34. Rc8 f6 35. Kf2 g5 36. Be3 Re5 37. h4 h5 38. hxg5 fxg5 39. Kf3 Kf7 40. b3 Bd6 41. Rc6 Ke6 42. Bg1 Kd5 43. Ra6 g4+ 44. Kf2 Re6 45. Ra8 Kd4 46. Rh8 Kc3 47. Rxh5 Kxb3 48. Rg5 c4 49. Rxg4 c3 50. Ke1 c2 51. Kd2 Rxe2+ 0-1

[Event "Fajr op 11th"]
[Site "Tehran"]
[Date "2003.03.05"]
[Round "9"]
[White "Niknaddaf, Ali"]
[Black "Rajabi Hezar, H."]
[Result "1-0"]
[WhiteElo "2278"]
[BlackElo "2201"]
[PlyCount "81"]
[EventDate "2003.02.27"]
[EventType "swiss"]
[EventRounds "9"]
[EventCountry "IRI"]
[SourceTitle "CBM 093 Extra"]
[Source "ChessBase"]
[SourceDate "2003.05.09"]
[SourceVersion "1"]
[SourceVersionDate "2003.05.09"]
[SourceQuality "1"]

1. e4 c6 2. d4 g6 3. Nc3 Bg7 4. h3 d6 5. Nf3 Nf6 6. Be3 Qa5 7. Bd3 0-0 8. Qd2 b5 9. 0-0 Nbd7 10. a3 e5 11. dxe5 dxe5 12. b4 Qc7 13. a4 a6 14. Ne2 Bb7 15. Ng3 c5 16. c3 c4 17. Bc2 Rfd8 18. Qc1 Nf8 19. Bh6 Ne6 20. Qe3 Nf4 21. Bxg7 Kxg7 22. Rfd1 Nd7 23. axb5 axb5 24. Rxa8 Bxa8 25. Ne2 Ne6 26. Ra1 Nb6 27. Ra6 Na4 28. Ng5 Nf4 29. Ng3 Qe7 30. Nf3 Bb7 31. Ra5 Nd3 32. Bxa4 bxa4 33. Rxa4 Qf6 34. Ra7 Qc6 35. Qg5 f6 36. Nh5+ Kf7 37. Qh6 Ke6 38. Qxh7 gxh5 39. Rxb7 Rd7 40. Ng5+ Kd6 41. Nf7+ 1-0

[Event "IRI-ch"]
[Site "Tehran"]
[Date "2001.08.05"]
[Round "8"]
[White "Shapouri, Omid"]
[Black "Rajabi Hezar, H."]
[Result "0-1"]
[WhiteElo "2278"]
[BlackElo "2203"]
[PlyCount "92"]
[EventDate "2001.07.31"]
[EventType "swiss"]
[EventRounds "11"]
[EventCountry "IRI"]
[SourceTitle "EXT 2002"]
[Source "ChessBase"]
[SourceDate "2001.11.25"]
[SourceVersion "1"]
[SourceVersionDate "2001.11.25"]
[SourceQuality "1"]

1. e4 g6 2. d4 Bg7 3. Nc3 d6 4. Be3 Nf6 5. f3 c6 6. Qd2 b5 7. Bh6 Bxh6 8. Qxh6 b4 9. Nd1 Qa5 10. g4 b3+ 11. Nc3 bxc2 12. Nge2 Na6 13. Qd2 Rb8 14. Qxc2 Nb4 15. Qd2 Ba6 16. Nc1 Bxf1 17. Kxf1 0-0 18. Kg2 e5 19. Nb3 Qc7 20. dxe5 dxe5 21. Nc5 Rfd8 22. Qe2 Qa5 23. Nb3 Qb6 24. Na4 Qb5 25. Qxb5 cxb5 26. Nc3 Nd3 27. Rab1 Nf4+ 28. Kf2 h5 29. h3 h4 30. Rbd1 b4 31. Rxd8+ Rxd8 32. Ne2 Nd3+ 33. Ke3 Nxb2 34. Nec1 Nd1+ 35. Ke2 Nc3+ 36. Ke3 Nd7 37. Nd3 a5 38. Nxa5 Ra8 39. Nc6 Rxa2 40. Ncxe5 Nxe5 41. Nxe5 b3 42. Nc4 b2 43. Nxb2 Rxb2 44. Kf4 Rg2 45. Kg5 Kg7 46. Rc1 f6+ 0-1

[Event "IRI-ch"]
[Site "Tehran"]
[Date "2001.08.03"]
[Round "4"]
[White "Rajabi Hezar, H."]
[Black "Vahidi, Mohammad"]
[Result "0-1"]
[WhiteElo "2203"]
[BlackElo "2286"]
[PlyCount "96"]
[EventDate "2001.07.31"]
[EventType "swiss"]
[EventRounds "11"]
[EventCountry "IRI"]
[SourceTitle "EXT 2002"]
[Source "ChessBase"]
[SourceDate "2001.11.25"]
[SourceVersion "1"]
[SourceVersionDate "2001.11.25"]
[SourceQuality "1"]

1. g3 d5 2. Bg2 Nf6 3. Nf3 Bf5 4. 0-0 e6 5. c4 c6 6. cxd5 cxd5 7. Qb3 b6 8. d3 Nc6 9. Nc3 Rc8 10. Qa4 Nd7 11. Bg5 Be7 12. Bxe7 Qxe7 13. Rfe1 Nc5 14. Qa3 Bg4 15. d4 Ne4 16. Qxe7+ Kxe7 17. Nxe4 dxe4 18. Ne5 Nxe5 19. dxe5 Rc2 20. Bxe4 Rxb2 21. f3 Bf5 22. Bxf5 exf5 23. Kf2 Rc8 24. a4 Rc5 25. Rac1 Rbc2 26. Rxc2 Rxc2 27. Ra1 Rc5 28. f4 Ra5 29. e4 fxe4 30. Ke3 f5 31. g4 g6 32. gxf5 gxf5 33. Rc1 Rxa4 34. Rc7+ Ke6 35. Rxh7 Ra3+ 36. Ke2 Rf3 37. Rh6+ Kd7 38. Rh7+ Ke8 39. h4 Rxf4 40. h5 Rh4 41. h6 f4 42. Rh8+ Kf7 43. h7 Rh2+ 44. Kd1 f3 45. e6+ Ke7 46. Rc8 Rh1+ 47. Kd2 f2 48. Rc1 Rxh7 0-1

[Event "IRI-ch"]
[Site "Tehran"]
[Date "2001.08.02"]
[Round "3"]
[White "Sadeghian, Fereidoun"]
[Black "Rajabi Hezar, H."]
[Result "1-0"]
[WhiteElo "2245"]
[BlackElo "2203"]
[PlyCount "138"]
[EventDate "2001.07.31"]
[EventType "swiss"]
[EventRounds "11"]
[EventCountry "IRI"]
[SourceTitle "EXT 2002"]
[Source "ChessBase"]
[SourceDate "2001.11.25"]
[SourceVersion "1"]
[SourceVersionDate "2001.11.25"]
[SourceQuality "1"]

1. e4 d6 2. d4 Nf6 3. Nc3 g6 4. Be3 Bg7 5. h3 c6 6. f4 Qa5 7. Qd2 b5 8. e5 b4 9. exf6 bxc3 10. fxg7 cxd2+ 11. Bxd2 Qxd2+ 12. Kxd2 Rg8 13. Bd3 Rxg7 14. Nf3 Nd7 15. Rae1 Nf6 16. c4 Nh5 17. Ke3 Ng3 18. Rhg1 Bf5 19. b4 Rb8 20. Rb1 Bxd3 21. Kxd3 f5 22. a4 Ne4 23. b5 c5 24. d5 Kd7 25. Rge1 g5 26. fxg5 Nxg5 27. Nxg5 Rxg5 28. Rb2 Rbg8 29. a5 Rxg2 30. Rxg2 Rxg2 31. a6 Rg8 32. Re3 h5 33. h4 Rg4 34. Re2 f4 35. Re4 Rxh4 36. Ke2 Rg4 37. Kf3 Rg7 38. Kxf4 Rg8 39. Kf3 Rg7 40. Rh4 Rh7 41. Kf4 e5+ 42. Kg5 Kc7 43. Kg6 Rh8 44. Kg7 Re8 45. Kf7 Rh8 46. Kg7 Re8 47. Rxh5 e4 48. Kf6 e3 49. Rh1 e2 50. Re1 Re5 51. Kf7 Kb6 52. Kf8 Re4 53. Kf7 Ka5 54. Kf8 Rxc4 55. Rxe2 Rd4 56. Rb2 Kb6 57. Ke8 Rxd5 58. Kd7 c4 59. Rb4 c3 60. Rb1 c2 61. Rc1 Rd2 62. Kc8 d5 63. Kb8 Rg2 64. Kc8 d4 65. Rf1 Rg8+ 66. Kd7 d3 67. Rf6+ Kxb5 68. Rf5+ Kc4 69. Rf4+ Kc3 1-0